000 00909nam a2200253Ia 4500
003 GCL
008 140319s9999 xx 000 0 ara d
040 _aGCL /
_cGCL
082 0 4 _a301.161
_bهـ ت
100 1 _aمحمود شكرى العدوى (مترجم)
245 1 0 _aالتليفزيون والطفل : دراسة تجريبية لاثر التليفزيون على النشء /
_cمحمود شكرى العدوى (مترجم)
700 1 _aسعد لبيب
700 1 _aهيملويت , هيلد ت
700 1 _aاوبنهايم , ا.ن
700 1 _aفينس، باميلا
700 1 _aاحمد سعيد عبدالحليم
300 _a462 ص
490 _aالالف كتاب
_v0
650 0 4 _aالتليفزيون
650 0 4 _aالتليفزيون والاطفال
650 0 4 _aالتليفزيون التعليمى
650 0 4 _aالاعلام - اطفال
942 _2ddc
_cBK
999 _c45850
_d45850